Marketing pro potraviny
Reklama výrobcov potravín. Investície do reklamy potravín a inzercie v r. 1995 a 1996 v Česku. Top 10 v reklame na potraviny v r. 1996. Marketing korenia. Reklamné stratégie pre značku Opavia. Investície do mediálnej plochy na značku Opavia v r. 1995, 1996. Potraviny na billboardoch. Distribúcia a i...
Salvato in:
| Natura: | Capitolo di libro |
|---|---|
| Lingua: | ceco |
| Soggetti: | |
| Tags: |
Nessun Tag, puoi essere il primo ad aggiungerne!!
|
MARC
| LEADER | 00000naa a2200000 4500 | ||
|---|---|---|---|
| 001 | r026291 | ||
| 005 | 20230911123015.6 | ||
| 041 | 0 | |a cze | |
| 044 | |a CZ | ||
| 245 | 1 | 0 | |a Marketing pro potraviny |
| 520 | |a Reklama výrobcov potravín. Investície do reklamy potravín a inzercie v r. 1995 a 1996 v Česku. Top 10 v reklame na potraviny v r. 1996. Marketing korenia. Reklamné stratégie pre značku Opavia. Investície do mediálnej plochy na značku Opavia v r. 1995, 1996. Potraviny na billboardoch. Distribúcia a image Vitany. Odborné periodiká o potravinách. Funkcia obalu a grafický design. Reklamná stratégia DMB and B Nederland na Cherry Coke. | ||
| 610 | 2 | 0 | |a potraviny |
| 610 | 2 | 0 | |a marketing |
| 610 | 2 | 0 | |a reklama |
| 610 | 2 | 0 | |a inzercia |
| 610 | 2 | 0 | |a médiá |
| 610 | 2 | 0 | |a Opavia |
| 610 | 2 | 0 | |a 1995-1996 |
| 610 | 2 | 0 | |a obaly |
| 610 | 2 | 0 | |a Vitana |
| 610 | 2 | 0 | |a distribúcia |
| 610 | 2 | 0 | |a imidž |
| 610 | 2 | 0 | |a firmy |
| 610 | 2 | 0 | |a DMB and B Nederland |
| 610 | 2 | 0 | |a nápoje nealkoholické |
| 610 | 2 | 0 | |a Cherry Coke |
| 610 | 2 | 0 | |a výrobcovia |